| 000 | 00670cam a22001814a 4500 | ||
|---|---|---|---|
| 020 | _a0471662712 (cloth) | ||
| 040 | _cDLC | ||
| 082 | 0 | 0 | _a338 JOH 2005 A020 Or. |
| 100 | 1 | _aPacult, F. Paul, | |
| 245 | 1 | 2 |
_aA double scotch : _bhow Chivas Regal and The Glenlivet became global icons / |
| 260 |
_aHoboken, N.J. : _bJohn Wiley & Sons, _cc2005. |
||
| 300 |
_axiv, 290 p. : _bill., 1 map ; _c24 cm. |
||
| 650 | 0 | _aWhiskey industry | |
| 856 | 4 | 1 | _uhttp://www.loc.gov/catdir/toc/ecip0422/2004021372.html |
| 856 | 4 | 2 | _uhttp://www.loc.gov/catdir/enhancements/fy0616/2004021372-b.html |
| 856 | 4 | 2 | _uhttp://www.loc.gov/catdir/enhancements/fy0616/2004021372-d.html |
| 942 | _cEK | ||
| 999 |
_c12676 _d12676 |
||